000 00656nam a2200205Ia 4500
003 GCL
008 140319s9999 xx 000 0 ara d
020 _a0091829953
040 _aGCL /
_cGCL
082 0 4 _a720
_bر ف
100 1 _aرفعة الجادرجى
245 1 0 _aفى سببية وجدلية العمارة /
_cرفعة الجادرجى
250 _aالاولى
260 _aبيروت :
_bمركز دراسات الوحدة العربية ،
_c2006
300 _a398 ص ؛
_c24 سم
650 0 4 _aالعمارة الاسلامية
650 0 4 _aالعمارة القديمة
650 0 4 _aالعمارة - تاريخ
942 _2ddc
_cBK
999 _c9000
_d9000